Franklin D. Roosevelt and the New Dea 1932-1940 / (Record no. 18516)
[ view plain ]
| 000 -LEADER | |
|---|---|
| fixed length control field | 01219nam a2200301 i 4500 |
| 003 - CONTROL NUMBER IDENTIFIER | |
| control field | EG-ScBUE |
| 005 - DATE AND TIME OF LATEST TRANSACTION | |
| control field | 20240703114607.0 |
| 008 - FIXED-LENGTH DATA ELEMENTS--GENERAL INFORMATION | |
| fixed length control field | 141029s2009 nyuo f b 001 0deng d |
| 020 ## - INTERNATIONAL STANDARD BOOK NUMBER | |
| International Standard Book Number | 9780061836961 |
| 040 ## - CATALOGING SOURCE | |
| Original cataloging agency | EG-ScBUE |
| Language of cataloging | eng |
| Description conventions | rda |
| Transcribing agency | EG-ScBUE |
| Modifying agency | EG-ScBUE |
| 043 ## - GEOGRAPHIC AREA CODE | |
| Geographic area code | n-us--- |
| 082 04 - DEWEY DECIMAL CLASSIFICATION NUMBER | |
| Edition number | 22 |
| Classification number | 973.917 |
| Item number | LEU |
| 100 1# - MAIN ENTRY--PERSONAL NAME | |
| Personal name | Leuchtenburg, William E. |
| 9 (RLIN) | 36368 |
| Dates associated with a name | 1922- |
| Fuller form of name | (William Edward), |
| Relator term | author. |
| 245 10 - TITLE STATEMENT | |
| Title | Franklin D. Roosevelt and the New Dea 1932-1940 / |
| Statement of responsibility, etc | by William E. Leuchtenburg. |
| 246 34 - VARYING FORM OF TITLE | |
| Title proper/short title | Franklin D. Roosevelt and the New Dea 1932-1940 : |
| Remainder of title | the best one-volume study of Franklin D. Roosevelt-Chicago Sun-Times 1932-1940 |
| 264 #1 - PUBLICATION, DISTRIBUTION, ETC. (IMPRINT) | |
| Place of publication, distribution, etc | New York, United States : |
| Name of publisher, distributor, etc | Harper Perennial, |
| Date of publication, distribution, etc | 2009. |
| 300 ## - PHYSICAL DESCRIPTION | |
| Extent | xiv, 390 pages : |
| Other physical details | photographs ; |
| Dimensions | 21 cm |
| 336 ## - CONTENT TYPE | |
| Source | rdacontent |
| Content type term | text |
| Content type code | txt |
| 337 ## - MEDIA TYPE | |
| Media type term | unmediated |
| Source | rdamedia |
| Media type code | n |
| 338 ## - CARRIER TYPE | |
| Carrier type term | volume |
| Carrier type code | nc |
| Source | rdacarrier |
| 504 ## - BIBLIOGRAPHY, ETC. NOTE | |
| Bibliography, etc | Includes bibliographical references and index.<br/> |
| 600 17 - SUBJECT ADDED ENTRY--PERSONAL NAME | |
| Personal name | Roosevelt, Franklin D. |
| Fuller form of name | (Franklin Delano), |
| Dates associated with a name | 1882-1945. |
| Source of heading or term | BUEsh |
| 9 (RLIN) | 36248 |
| 650 #7 - SUBJECT ADDED ENTRY--TOPICAL TERM | |
| Topical term or geographic name as entry element | New Deal, 1933-1939. |
| Source of heading or term | BUEsh |
| 9 (RLIN) | 36250 |
| 651 #7 - SUBJECT ADDED ENTRY--GEOGRAPHIC NAME | |
| Geographic name | United States |
| General subdivision | History |
| Chronological subdivision | 1933-1945. |
| Source of heading or term | BUEsh |
| 653 ## - INDEX TERM--UNCONTROLLED | |
| Resource For college | BAEPS, Political Science |
| Arrived date list | October2014 |
| 655 ## - INDEX TERM--GENRE/FORM | |
| Form subdivision | Reading book |
| 9 (RLIN) | 34232 |
| 942 ## - ADDED ENTRY ELEMENTS (KOHA) | |
| Source of classification or shelving scheme | Dewey Decimal Classification |
| Koha item type | Book - Borrowing |
| Withdrawn status | Lost status | Source of classification or shelving scheme | Damaged status | Not for loan | Collection code | Home library | Current library | Shelving location | Date acquired | Source of acquisition | Cost, normal purchase price | Total Checkouts | Full call number | Barcode | Date last seen | Date checked out | Cost, replacement price | Price effective from | Koha item type | Total Renewals |
|---|---|---|---|---|---|---|---|---|---|---|---|---|---|---|---|---|---|---|---|---|
| Dewey Decimal Classification | Baccah | Central Library | Central Library | Second Floor | 29/10/2014 | Purchase | 180.00 | 1 | 973.917 LEU | 000036859 | 15/07/2025 | 12/10/2015 | 225.00 | 29/10/2014 | Book - Borrowing | |||||
| Dewey Decimal Classification | Baccah | Central Library | Central Library | Second Floor | 29/10/2014 | Purchase | 180.00 | 973.917 LEU | 000036860 | 15/07/2025 | 225.00 | 29/10/2014 | Book - Borrowing | |||||||
| Dewey Decimal Classification | Baccah | Central Library | Central Library | Second Floor | 29/10/2014 | Purchase | 180.00 | 1 | 973.917 LEU | 000036861 | 15/07/2025 | 13/10/2015 | 225.00 | 29/10/2014 | Book - Borrowing | 2 |